| Tag |
First Indicator |
Second Indicator |
Subfields |
| LEADER |
00000cam a2200000 i 4500 |
| 001 |
in00004562621 |
| 003 |
OCoLC |
| 005 |
20210819141024.4 |
| 008 |
210315t20212021nyu d 000 1 eng |
| 010 |
|
|
|a 2021009223
|
| 024 |
8 |
|
|a 40030990082
|
| 040 |
|
|
|a DLC
|b eng
|e rda
|c DLC
|d OCLCO
|d ORX
|d OCLCO
|d TOH
|d OTP
|d FMG
|d IFA
|d L@L
|d TCH
|d GK8
|d OCLCF
|d VAX
|d TXG
|d ILC
|d JTB
|d IH9
|d OCLCO
|d EHH
|d DEERP
|d TXSCH
|d OCLCO
|d IGP
|d OCLCO
|d OCL
|d IUL
|
| 019 |
|
|
|a 1244276214
|a 1247377264
|a 1249949236
|
| 020 |
|
|
|a 9780525555513
|q (hardcover)
|
| 020 |
|
|
|a 052555551X
|q (hardcover)
|
| 020 |
|
|
|z 9780525555520
|q (ebook)
|
| 035 |
|
|
|a (OCoLC)1196175935
|z (OCoLC)1244276214
|z (OCoLC)1247377264
|z (OCoLC)1249949236
|
| 042 |
|
|
|a pcc
|a lcac
|
| 050 |
0 |
0 |
|a PZ7.K5693
|b Sw 2021
|
| 082 |
0 |
0 |
|a [Fic]
|2 23
|
| 100 |
1 |
|
|a King, A. S.
|q (Amy Sarig),
|d 1970-
|e author.
|
| 245 |
1 |
0 |
|a Switch /
|c by A.S. King.
|
| 263 |
|
|
|a 2105
|
| 264 |
|
1 |
|a New York :
|b Dutton Books,
|c 2021.
|
| 264 |
|
4 |
|c ©2021
|
| 300 |
|
|
|a 225 pages ;
|c 22 cm
|
| 336 |
|
|
|a text
|b txt
|2 rdacontent
|
| 337 |
|
|
|a unmediated
|b n
|2 rdamedia
|
| 338 |
|
|
|a volume
|b nc
|2 rdacarrier
|
| 521 |
|
|
|a Ages 14.
|b Dutton Books.
|
| 521 |
|
|
|a Grades 10-12.
|b Dutton Books.
|
| 520 |
|
|
|a "Set in a parallel version of America where time has stopped, the novel tells the story of one teenage girl trying to untangle her toxic family's secrets--and maybe restart the world's clocks in the process"--
|c Provided by publisher.
|
| 520 |
|
|
|a Time has stopped. It has been June 23, 2020 for nearly a year as far as anyone can tell. Javelin-throwing prodigy Truda Becker is pretty sure her "Solution Time" class won't solve the world's problems, but she does have a few ideas what might. Truda lives in a house with a switch that no one ever touches, a switch her father protects every day by nailing it into hundreds of progressively larger boxes. But Truda's got a crow bar, and one way or another, she's going to see what happens when she flips the switch. -- adapted from jacket
|
| 650 |
|
0 |
|a Space and time
|v Juvenile fiction.
|
| 650 |
|
0 |
|a Emotions
|v Juvenile fiction.
|
| 650 |
|
0 |
|a Dysfunctional families
|v Juvenile fiction.
|
| 650 |
|
0 |
|a Ability
|v Juvenile fiction.
|
| 650 |
|
1 |
|a Space and time
|v Fiction.
|
| 650 |
|
1 |
|a Emotions
|v Fiction.
|
| 650 |
|
1 |
|a Family problems
|v Fiction.
|
| 650 |
|
1 |
|a Ability
|v Fiction.
|
| 650 |
|
7 |
|a YOUNG ADULT FICTION / Family / Siblings.
|2 bisacsh
|
| 650 |
|
7 |
|a YOUNG ADULT FICTION / Social Themes / Mental Illness.
|2 bisacsh
|
| 650 |
|
7 |
|a YOUNG ADULT FICTION / Science Fiction / Apocalyptic & Post-Apocalyptic.
|2 bisacsh
|
| 650 |
|
7 |
|a Dysfunctional families.
|2 fast
|0 (OCoLC)fst01728523
|
| 650 |
|
7 |
|a Ability.
|2 fast
|0 (OCoLC)fst00794400
|
| 650 |
|
7 |
|a Emotions.
|2 fast
|0 (OCoLC)fst00908819
|
| 650 |
|
7 |
|a Space and time.
|2 fast
|0 (OCoLC)fst01127622
|
| 650 |
|
7 |
|a Space and time
|v Juvenile fiction.
|2 sears
|
| 650 |
|
7 |
|a Emotions
|v Juvenile fiction.
|2 sears
|
| 650 |
|
7 |
|a Ability
|v Juvenile fiction.
|2 sears
|
| 650 |
|
7 |
|a Space and time
|v Fiction.
|2 sears
|
| 650 |
|
7 |
|a Emotions
|v Fiction.
|2 sears
|
| 650 |
|
7 |
|a Family life
|v Fiction.
|2 sears
|
| 650 |
|
7 |
|a Ability
|v Fiction.
|2 sears
|
| 655 |
|
7 |
|a Young adult works.
|2 fast
|0 (OCoLC)fst01726790
|
| 655 |
|
7 |
|a Novels in verse.
|2 fast
|0 (OCoLC)fst01921724
|
| 655 |
|
0 |
|a Young adult fiction.
|
| 655 |
|
7 |
|a Fiction.
|2 fast
|0 (OCoLC)fst01423787
|
| 655 |
|
7 |
|a Juvenile works.
|2 fast
|0 (OCoLC)fst01411637
|
| 655 |
|
7 |
|a Young adult fiction.
|2 gsafd
|
| 655 |
|
7 |
|a Novels in verse.
|2 lcgft
|
| 776 |
0 |
8 |
|i Online version:
|a King, A. S. (Amy Sarig), 1970-
|t Switch.
|d New York : Dutton Books, 2021
|z 9780525555520
|w (DLC) 2021009224
|
| 945 |
|
|
|b 248939
|
| 947 |
|
|
|a A14851682071
|
| 980 |
|
|
|b print
|c 40030990082
|g 565712
|k USD
|m 16.19
|q 1
|s AcqMono Conventional
|t Approval plan
|u Vendor order reference number
|v ZYBP
|y Print approval
|z Physical resource
|
| 999 |
f |
f |
|i 4f69a5c0-f1ad-4104-b837-a4005544c8a1
|s 9c58da71-1ddc-4280-8adf-789bcbdaaa05
|t 0
|
| 952 |
f |
f |
|p normal
|a Texas A&M University
|b College Station
|c Sterling C. Evans Library
|s Evans curr
|d Evans: Curriculum Collection (4th floor)
|t 0
|e PZ7.K5693 Sw 2021
|h Library of Congress classification
|i unmediated -- volume
|m A14851682071
|
| 998 |
f |
f |
|a PZ7.K5693 Sw 2021
|t 0
|l Evans: Curriculum Collection (4th floor)
|